Los accidentes en los transportes
Es un análisis estadístico de los accidentes de transporte terrestre, aéreo y marítimo en la Unión Europea. Trata la actuación normativa, el costo, los seguros contra accidentes, las tarifas y las indemnizaciones.
Сохранить в:
| Формат: | Текст |
|---|---|
| Предметы: | |
| Метки: |
Добавить метку
Нет меток, Требуется 1-ая метка записи!
|
MARC
| LEADER | 00000 a a2200000 04500 | ||
|---|---|---|---|
| 001 | 46707 | ||
| 003 | |||
| 040 | |||
| 245 | |a Los accidentes en los transportes | ||
| 520 | |a Es un análisis estadístico de los accidentes de transporte terrestre, aéreo y marítimo en la Unión Europea. Trata la actuación normativa, el costo, los seguros contra accidentes, las tarifas y las indemnizaciones. | ||
| 590 | |a MBA/SETIEMBRE2014 | ||
| 650 | |a 1. ACCIDENTES DE TRANSITO | ||
| 650 | |a 2. ANALISIS ESTADISTICO | ||
| 650 | |a 3. SEGURO CONTRA ACCIDENTES | ||
| 650 | |a 4. COSTOS | ||
| 650 | |a 5. INDEMNIZACION | ||
| 650 | |a 6. UNION EUROPEA | ||
| 773 | |g páginas 33-37 : tabla | ||
| 999 | |c 27023 |d 27023 | ||
